Les Simpson - Barney - Statistiques

Statistiques générales
  • Ce quiz a été pris 64 fois
  • Le résultat moyen est 5 sur 10
Statistiques - réponses
Question Réponse % Correct
Quelle est sa boisson favorite ? la bière
100%
Que n'a-t-il jamais fait ? aller dans l'espace
81%
De qui est-il le meilleur ami depuis le lycée ? Homer
63%
Quelle auto-production a-t-il réalisé, lui donnant comme titre "Vingt Mille Lieues sous les bières" ? un documentaire
63%
Dans quelle discipline dit-il avoir eu une formation de cinq ans ? la danse moderne
50%
Qui remplace-t-il dans le groupe définitif des Bémols ? le chef Wiggum
50%
Pourquoi a-t-il arrêter de boire de la bière ? on lui a montré une vidéo de lui bourré
50%
Quel est son véritable prénom ? Bernard
38%
Comment s'appelait sa petite amie au lycée ? Chloe
19%
Quel jour est-il né ? un 20 avril
19%
Aucun quiz correspondant
Distribution des résultats
% des personnes avec chaque résultat
Percentile par nombre de réponses
Votre historique - résultats
Vous n’avez pas pris ce quiz